| 000 | 00000nam##2200000za#4500 |
| 001 | 9.573226 |
| 003 | CaOODSP |
| 005 | 20210624183612 |
| 007 | cr ||||||||||| |
| 008 | 150406|2005||||xxc|||||o f|0| 0 eng|d |
| 040 | |aCaOODSP|beng |
| 043 | |an-cn--- |
| 086 | 1 |aBT31-4/32-2005E-PDF |
| 110 | 1 |aCanada. |bTreasury Board. |
| 245 | 10|aCitizenship and Immigration Canada, departmental performance report for the period ending March 31, 2005 |h[electronic resource] |
| 260 | |aOttawa - Ontario : |bTreasury Board of Canada Secretariat |c[2005]. |
| 300 | |a92p.|borganization chart, tables, index |
| 490 | 1 |aPerformance report for the period ending March 31, 2005 |
| 590 | |a12-06-Supp|b2012-03-07 |
| 775 | 08|tCitoyenneté et Immigration Canada - rapport ministériel sur le rendement pour la période se terminant le 31 mars 2005 |w(CaOODSP)9.603436 |
| 776 | 0#|tCitizenship and Immigration Canada |w(CaOODSP)9.541756 |
| 776 | 0#|tCitoyenneté et Immigration Canada |w(CaOODSP)9.541757 |
| 830 | #0|aPerformance report for the period ending March 31, 2005.|w(CaOODSP)9.506266 |
| 856 | 40|ahttp://publications.gc.ca|qPDF|s791 KB|uhttps://publications.gc.ca/collections/collection_2012/sct-tbs/BT31-4-32-2005-eng.pdf |